Traditional cut nails - worth preserving? (Record no. 72686)

MARC details
000 -LEADER
fixed length control field 01077cam a2200217 4500
001 - CONTROL NUMBER
control field ABS66669
008 - FIXED-LENGTH DATA ELEMENTS--GENERAL INFORMATION
fixed length control field 030519n2003 000 0 eng u
035 ## - SYSTEM CONTROL NUMBER
System control number (Sirsi) u122318
100 ## - MAIN ENTRY--PERSONAL NAME
Personal name Richmond, A.
245 ## - TITLE STATEMENT
Title Traditional cut nails - worth preserving?
260 ## - PUBLICATION, DISTRIBUTION, ETC.
Date of publication, distribution, etc. 2003
490 ## - SERIES STATEMENT
Series statement RICS Building Conservation Journal
Volume/sequential designation Winter 2002-2003, 16-17(2)
520 ## - SUMMARY, ETC.
Summary, etc. Outlines history of nails from the handmade ones dating from Roman times to machine-made which appeared from early 19th century onwards. Tips on how to identify different types of nails can help the restorer date and ensure that correct raw materials are used in the restoration of a building. Manufacturers such as Glasgow Steel Nail Co Ltd still produce traditional cut nails using the same process as used 200 years ago. Photographs.
590 ## - LOCAL NOTE (RLIN)
Local note ABS
650 ## - SUBJECT ADDED ENTRY--TOPICAL TERM
Topical term or geographic name entry element NAILS
650 ## - SUBJECT ADDED ENTRY--TOPICAL TERM
Topical term or geographic name entry element Arts and antiques
9 (RLIN) 6217
650 ## - SUBJECT ADDED ENTRY--TOPICAL TERM
Topical term or geographic name entry element BUILT ENVIRONMENT-BUILDING MATERIALS
650 ## - SUBJECT ADDED ENTRY--TOPICAL TERM
Topical term or geographic name entry element RESTORATION
690 ## - LOCAL SUBJECT ADDED ENTRY--TOPICAL TERM (OCLC, RLIN)
Topical term or geographic name as entry element BUILT ENVIRONMENT-BUILDING MAINTENANCE AND REFURBISHMENT-BUILDING CONSERVATION
942 ## - ADDED ENTRY ELEMENTS (KOHA)
Suppress in OPAC 0
Holdings
Withdrawn status Lost status Source of classification or shelving scheme Damaged status Not for loan Home library Current library Shelving location Date acquired Total Checkouts Full call number Barcode Date last seen Copy number Price effective from Koha item type
    Dewey Decimal Classification     London London Journal article 19/05/2003   ABS66669 122318-1001 06/08/2019 1 06/08/2019 Journal article